Country Flags Quiz #2 - One Minute Sprint - Statistics

General Stats
  • This quiz has been taken 66 times
  • The average score is 17 of 20
Answer Stats
Picture Answer % Correct
Germany
100%
Spain
100%
Argentina
96%
Switzerland
92%
Chile
91%
Austria
89%
Denmark
89%
Iceland
89%
India
89%
Cyprus
87%
Finland
83%
South Korea
83%
Cambodia
81%
Turkey
79%
Ukraine
77%
Thailand
74%
Uruguay
74%
Vietnam
70%
Saudi Arabia
66%
Taiwan
58%
No matching quizzes found
Score Distribution
Percent of People with Each Score
Percentile by Number Answered
Your Score History
You have not taken this quiz